| 000 | 00391nam a2200157Ia 4500 | ||
|---|---|---|---|
| 008 | 230917s9999||||xx |||||||||||||| ||und|| | ||
| 020 | _cRS145 | ||
| 040 |
_e63011 _aMAIN |
||
| 041 | _aEnglish | ||
| 082 | _a005.1 J219I | ||
| 100 | _aJalote, Pankaj | ||
| 245 | 3 | _aAn integrated approach to software engineering | |
| 260 |
_aNew Delhi _bNarosa _c1995 |
||
| 300 | _axiv, 375 p. | ||
| 942 | _cBK | ||
| 999 |
_c85789 _d85789 |
||